LIBRARY & INFORMATION CENTRE, KCAET, TAVANUR

ONLINE PUBLIC ACCESS CATALOGUE (OPAC)

Photographer`s Handbbook / (Record no. 9101)

MARC details
000 -LEADER
fixed length control field 00293cam a2200121ua 4500
020 ## - INTERNATIONAL STANDARD BOOK NUMBER
ISBN 0-85223-232-2
082 ## - DEWEY DECIMAL CLASSIFICATION NUMBER
Classification number 028.71770
Item number HED/PH
100 ## - MAIN ENTRY--AUTHOR NAME
Personal name Hedgecoe, John .
245 ## - TITLE STATEMENT
Title Photographer`s Handbbook /
260 ## - PUBLICATION, DISTRIBUTION, ETC. (IMPRINT)
Place of publication London :
Name of publisher Ebury press ,
Year of publication 1985.
300 ## - PHYSICAL DESCRIPTION
Number of Pages 352 ; .
942 ## - ADDED ENTRY ELEMENTS (KOHA)
Koha item type Books
Holdings
Withdrawn status Lost status Damaged status Home library Current library Date acquired Full call number Accession Number Koha item type
      KAUAET KAUAET 31/08/1987 028.71770 16333 Reference
free website counter